| 000 | 00777nam a2200217Ia 4500 | ||
|---|---|---|---|
| 003 | IN-BaIIA | ||
| 008 | 211028s9999 xx 000 0 eng d | ||
| 020 | _a3-540-64701-5 | ||
| 040 | _cIIA Library | ||
| 080 |
_a524.3(082.2) _bSTA |
||
| 111 |
_aLes Houches School _cFrance _d1996 Sept. 17-27 _922738 |
||
| 245 | 0 |
_aStarbursts _bproceedings of Les Houches School held in Les Houches, France, 17-27 Sept. 1996 _cedited by B. Guiderdoni and A. Khembhavi |
|
| 260 |
_aBerlin _bSpringer-Verlag _c1998 |
||
| 300 | _axi, 253p. | ||
| 490 | _aCentre de physique des Houches series; 9 | ||
| 650 |
_aStar brusts _922739 |
||
| 650 | _aStellar evolution | ||
| 700 |
_aGuiderdoni, ed. _922740 |
||
| 700 |
_aKhembhavi, A., ed. _922741 |
||
| 942 | _cBK | ||
| 999 |
_c12953 _d12953 |
||